[Event "European Youth Chess Championship G14"]
[Site "Prague, Top Hotel Prague"]
[Date "2016.08.22"]
[Round "5.1"]
[White "Maltsevskaya, Aleksandra"]
[Black "Peycheva, Gergana"]
[Result "1-0"]
[WhiteElo "2341"]
[BlackElo "2134"]
[PlyCount "53"]
[EventDate "2016.08.18"]

1. e4 c5 2. Nf3 e6 3. d4 cxd4 4. Nxd4 a6 5. Bd3 Qc7 6. O-O Nc6 7. Nf3 Nf6 8. c4
d6 9. Nc3 b6 10. Qe2 Be7 11. b3 O-O 12. Bb2 Nd7 13. Rac1 Nce5 14. Bb1 Nxf3+ 15.
Qxf3 Bb7 16. Qg3 Bf6 17. Rcd1 Ne5 18. Kh1 Rad8 19. f4 Ng6 20. f5 Ne5 21. Ne2
Qe7 22. Nf4 Nd7 23. e5 Bxe5 24. Bxe5 Nxe5 25. Nd5 Bxd5 26. f6 Bxg2+ 27. Qxg2
1-0

[Event "European Youth Chess Championship G14"]
[Site "Prague, Top Hotel Prague"]
[Date "2016.08.22"]
[Round "5.2"]
[White "Antova, Gabriela"]
[Black "Goltseva, Ekaterina"]
[Result "1/2-1/2"]
[WhiteElo "2241"]
[BlackElo "2213"]
[PlyCount "55"]
[EventDate "2016.08.18"]

1. d4 Nf6 2. c4 e6 3. Nf3 d5 4. Nc3 c6 5. e3 a6 6. Bd3 dxc4 7. Bxc4 b5 8. Bd3
c5 9. O-O Bb7 10. b3 Nbd7 11. Bb2 Be7 12. Qe2 O-O 13. Rfd1 Qb6 14. Rac1 Rfd8
15. h3 h6 16. Bb1 Rac8 17. a3 Qa7 18. dxc5 Nxc5 19. b4 Ncd7 20. e4 Qa8 21. Qe3
Nh7 22. Rd2 Ndf8 23. Rcd1 Rxd2 24. Rxd2 Rd8 25. Ne5 Nf6 26. Rxd8 Bxd8 27. Qd4
Bc7 28. Bc2 1/2-1/2

[Event "European Youth Chess Championship G14"]
[Site "Prague, Top Hotel Prague"]
[Date "2016.08.22"]
[Round "5.3"]
[White "Malicka, Maria"]
[Black "Sibajeva, Marija"]
[Result "1/2-1/2"]
[WhiteElo "2009"]
[BlackElo "2021"]
[PlyCount "74"]
[EventDate "2016.08.18"]

1. d4 d5 2. Nf3 c6 3. Bf4 Nf6 4. h3 Bf5 5. c3 h6 6. e3 e6 7. Nbd2 Bd6 8. Bxd6
Qxd6 9. Be2 Nbd7 10. c4 O-O 11. O-O Bh7 12. c5 Qe7 13. b4 b5 14. Nb3 Ne4 15.
Bd3 Ng5 16. Bxh7+ Kxh7 17. Nxg5+ Qxg5 18. Qd3+ Qg6 19. Qxg6+ Kxg6 20. Na5 Rfc8
21. a4 a6 22. axb5 cxb5 23. Nb7 Rc7 24. Nd6 Nb8 25. Rfb1 Raa7 26. Kf1 Nc6 27.
Ke2 Ra8 28. Kd3 Rca7 29. Kd2 Nd8 30. f3 Nc6 31. Ke2 Kf6 32. Ra3 Ke7 33. Rd3 Rb8
34. e4 a5 35. bxa5 Rxa5 36. exd5 exd5 37. Ke3 g6 1/2-1/2

[Event "European Youth Chess Championship G14"]
[Site "Prague, Top Hotel Prague"]
[Date "2016.08.22"]
[Round "5.4"]
[White "Muetsch, Annmarie"]
[Black "Nestorovic, Katarina"]
[Result "0-1"]
[WhiteElo "1966"]
[BlackElo "2059"]
[PlyCount "74"]
[EventDate "2016.08.18"]

1. e4 c5 2. Nf3 e6 3. d4 cxd4 4. Nxd4 Nf6 5. Nc3 d6 6. g4 a6 7. g5 Nfd7 8. Bg2
Nc6 9. h4 Be7 10. Nde2 b5 11. a3 Bb7 12. f4 Qb6 13. Rh3 b4 14. axb4 Nxb4 15.
Be3 Qc7 16. Rc1 e5 17. f5 Nb6 18. b3 O-O-O 19. Bxb6 Qxb6 20. Na4 Qa5 21. c3 Nc6
22. Kf1 h6 23. g6 fxg6 24. fxg6 Rhf8+ 25. Kg1 Kb8 26. b4 Qc7 27. Rb1 Na7 28.
Qd3 Rc8 29. Nb2 Qb6+ 30. Kh1 Rf2 31. Nd1 Rf6 32. h5 Qb5 33. Qd2 Rff8 34. Ne3
Rf2 35. Re1 Rcf8 36. c4 Qc6 37. Ng3 Rxd2 0-1

[Event "European Youth Chess Championship G14"]
[Site "Prague, Top Hotel Prague"]
[Date "2016.08.22"]
[Round "5.5"]
[White "Berdnyk, Mariia"]
[Black "Bucur, Denisa-Andreea"]
[Result "1-0"]
[WhiteElo "2204"]
[BlackElo "1893"]
[PlyCount "41"]
[EventDate "2016.08.18"]

1. e4 c5 2. Nf3 e6 3. d4 cxd4 4. Nxd4 Nc6 5. Nc3 Qc7 6. Be3 a6 7. Bd3 Nf6 8.
O-O Bc5 9. Ndb5 axb5 10. Bxc5 Ne5 11. Bb4 Nfg4 12. g3 h5 13. Nxb5 Qb6 14. Be2
Nf3+ 15. Bxf3 Qxb5 16. Qd6 Qg5 17. h4 Qf6 18. Be2 Rg8 19. Rad1 Rxa2 20. Ba3
Rxb2 21. Qc7 1-0

[Event "European Youth Chess Championship G14"]
[Site "Prague, Top Hotel Prague"]
[Date "2016.08.22"]
[Round "5.6"]
[White "Zotova, Anastasia"]
[Black "Ferkova, Dominika"]
[Result "1-0"]
[WhiteElo "2137"]
[BlackElo "1885"]
[PlyCount "55"]
[EventDate "2016.08.18"]

1. e4 c6 2. d4 d5 3. Nc3 dxe4 4. Nxe4 Bf5 5. Ng3 Bg6 6. h4 h6 7. Nf3 e6 8. Ne5
Bh7 9. Be3 Nd7 10. Nxd7 Qxd7 11. Bd3 Bxd3 12. Qxd3 Bb4+ 13. c3 Be7 14. O-O-O
Nf6 15. Kb1 O-O 16. Ne4 Nxe4 17. Qxe4 Qd5 18. Qc2 b5 19. g4 a5 20. Rhg1 b4 21.
c4 Qd8 22. g5 h5 23. Qe4 g6 24. d5 cxd5 25. cxd5 Qd6 26. Bf4 Qd7 27. d6 Bd8 28.
Qxa8 1-0

[Event "European Youth Chess Championship G14"]
[Site "Prague, Top Hotel Prague"]
[Date "2016.08.22"]
[Round "5.7"]
[White "Strukova, Ksenia"]
[Black "Vinokur, Yuliya"]
[Result "0-1"]
[WhiteElo "1894"]
[BlackElo "1976"]
[PlyCount "88"]
[EventDate "2016.08.18"]

1. e4 d5 2. exd5 Nf6 3. d4 Nxd5 4. c4 Nb6 5. Nc3 e5 6. d5 Bb4 7. Qb3 Bxc3+ 8.
Qxc3 O-O 9. Be2 c6 10. dxc6 Nxc6 11. Be3 Nd4 12. Bxd4 exd4 13. Qd3 Na4 14. Qa3
Bd7 15. Nf3 Re8 16. Rd1 Qb6 17. Nxd4 Re4 18. c5 Qxb2 19. Qxb2 Nxb2 20. Rd2 Na4
21. O-O Nxc5 22. Rc1 Ne6 23. Nb3 Bc6 24. h3 Ra4 25. Bc4 Ra3 26. Re1 Re8 27.
Rde2 Kf8 28. Nc1 Nf4 29. Rxe8+ Bxe8 30. Bb3 Bc6 31. f3 Ra5 32. Rd1 Rc5 33. Kh2
Rc3 34. Kg3 g5 35. Kh2 a5 36. a4 h5 37. Rd8+ Ke7 38. Rd1 Kf6 39. Rd6+ Kg7 40.
Rd1 h4 41. Re1 Kf6 42. Rd1 Nxg2 43. Ne2 Rxb3 44. Kxg2 Bxf3+ 0-1

[Event "European Youth Chess Championship G14"]
[Site "Prague, Top Hotel Prague"]
[Date "2016.08.22"]
[Round "5.8"]
[White "Swiech, Joanna"]
[Black "Beydullayeva, Govhar"]
[Result "1-0"]
[WhiteElo "1888"]
[BlackElo "1945"]
[PlyCount "73"]
[EventDate "2016.08.18"]

1. d4 d5 2. c4 c6 3. cxd5 cxd5 4. Nc3 Nf6 5. Bf4 a6 6. e3 Nc6 7. Bd3 e6 8. Nf3
Bd6 9. Bxd6 Qxd6 10. O-O b5 11. Rc1 Bb7 12. a3 O-O 13. b4 e5 14. dxe5 Nxe5 15.
Nxe5 Qxe5 16. Ne2 Rac8 17. Nd4 Ne4 18. Bxe4 dxe4 19. Nb3 Bd5 20. Rxc8 Rxc8 21.
Nc5 a5 22. Nd7 Qe6 23. Nb6 Qxb6 24. Qxd5 axb4 25. axb4 Qc6 26. Qe5 Qc4 27. Qd6
h6 28. h3 Ra8 29. Rd1 Kh7 30. Rd4 Qc1+ 31. Kh2 Qc2 32. Qf4 Kg8 33. Rxe4 Qb3 34.
Qf5 Rb8 35. Qe5 Rb7 36. Rg4 g6 37. Rd4 1-0

[Event "European Youth Chess Championship G14"]
[Site "Prague, Top Hotel Prague"]
[Date "2016.08.22"]
[Round "5.9"]
[White "Verbin, Valentina"]
[Black "Moscicka, Pola"]
[Result "1-0"]
[WhiteElo "1928"]
[BlackElo "1853"]
[PlyCount "61"]
[EventDate "2016.08.18"]

1. e4 c6 2. c4 d5 3. exd5 cxd5 4. cxd5 Nf6 5. Qa4+ Nbd7 6. Nc3 g6 7. Nf3 Bg7 8.
Bc4 O-O 9. d3 Nb6 10. Qb3 Bf5 11. O-O Rc8 12. Rd1 Bg4 13. Bf4 Bxf3 14. gxf3
Nfd7 15. Re1 Nc5 16. Qc2 Nxd3 17. Bxd3 Bxc3 18. bxc3 Nxd5 19. Bh6 Rxc3 20. Qb2
Qa5 21. Bxf8 Kxf8 22. Qb5 Qd8 23. Rad1 e6 24. Be4 a6 25. Qf1 Qg5+ 26. Qg2 Qf6
27. Bxd5 exd5 28. Rxd5 Rxf3 29. Qg5 Qxg5+ 30. Rxg5 Ra3 31. Re2 1-0

[Event "European Youth Chess Championship G14"]
[Site "Prague, Top Hotel Prague"]
[Date "2016.08.22"]
[Round "5.10"]
[White "Sankova, Stella"]
[Black "Kucharska, Honorata"]
[Result "0-1"]
[WhiteElo "1898"]
[BlackElo "1851"]
[PlyCount "76"]
[EventDate "2016.08.18"]

1. d4 Nf6 2. c4 d6 3. Nc3 Nbd7 4. e4 e5 5. Nf3 g6 6. Be2 Bg7 7. O-O O-O 8. d5
Nc5 9. Qc2 a5 10. Ne1 Ne8 11. Be3 f5 12. f3 f4 13. Bf2 Bf6 14. Rb1 Bh4 15. a3
Bxf2+ 16. Rxf2 a4 17. Nd3 Nb3 18. Nxa4 Nd4 19. Qd1 b6 20. Nc3 Bd7 21. Nb4 Qh4
22. Nb5 Nxb5 23. cxb5 g5 24. Bf1 Rf6 25. Rc2 g4 26. fxg4 Bxg4 27. Qe1 Qg5 28.
Rbc1 Rf7 29. Na6 Rc8 30. Qf2 Qg7 31. Nb4 Nf6 32. Bd3 Rcf8 33. Kh1 Bc8 34. Qe1
Ng4 35. Rd2 Qh6 36. h3 f3 37. Bf1 f2 38. Qe2 Qf4 0-1

[Event "European Youth Chess Championship G14"]
[Site "Prague, Top Hotel Prague"]
[Date "2016.08.22"]
[Round "5.11"]
[White "Solozhenkina, Elizaveta"]
[Black "Hereklioglu, Sude"]
[Result "1-0"]
[WhiteElo "2275"]
[BlackElo "1801"]
[PlyCount "113"]
[EventDate "2016.08.18"]

1. e4 c5 2. Nf3 e6 3. d4 cxd4 4. Nxd4 Nf6 5. Nc3 Nc6 6. Ndb5 Bb4 7. a3 Bxc3+ 8.
Nxc3 d5 9. exd5 exd5 10. Bd3 O-O 11. O-O d4 12. Ne2 Bg4 13. Bg5 Qd6 14. Re1
Rfe8 15. Qd2 Bxe2 16. Bf4 Qd5 17. Bxe2 Ne4 18. Bf3 f5 19. Re2 Qf7 20. Qd3 Nc5
21. Qb5 Rxe2 22. Bxe2 d3 23. Bxd3 Nxd3 24. Qxd3 Rd8 25. Qf1 Qd5 26. Re1 Qd4 27.
Bg5 Rf8 28. Qb5 f4 29. Qxb7 Qd2 30. Rf1 Qxc2 31. Qd7 h6 32. Qd5+ Kh8 33. Qd6
Kg8 34. Bxf4 Qxb2 35. Bxh6 Rf6 36. Qd5+ Kh8 37. Bc1 Qc2 38. Qh5+ Kg8 39. Qe8+
Kh7 40. Qh5+ Kg8 41. Be3 Qe4 42. Rd1 Rg6 43. Qd5+ Qxd5 44. Rxd5 Re6 45. h4 a6
46. g3 Ne5 47. a4 Nc4 48. Bd4 Nb6 49. Rd8+ Kh7 50. a5 Nc4 51. Bc3 Ne5 52. Kg2
Nf7 53. Rd7 Ne5 54. Ra7 Kg6 55. Bxe5 Rxe5 56. Rxa6+ Kf5 57. Ra8 1-0

[Event "European Youth Chess Championship G14"]
[Site "Prague, Top Hotel Prague"]
[Date "2016.08.22"]
[Round "5.12"]
[White "Kovacs, Judit"]
[Black "Waszczuk, Patrycja"]
[Result "1/2-1/2"]
[WhiteElo "2167"]
[BlackElo "1859"]
[PlyCount "62"]
[EventDate "2016.08.18"]

1. Nf3 d5 2. c4 e6 3. g3 Nf6 4. Bg2 dxc4 5. Qa4+ Nbd7 6. Qxc4 a6 7. Qc2 c5 8.
Nc3 Be7 9. O-O O-O 10. d4 cxd4 11. Nxd4 Nc5 12. Rd1 Qc7 13. h3 e5 14. Nf5 Bxf5
15. Qxf5 Ne6 16. Be3 Rad8 17. Rac1 Nd4 18. Bxd4 Rxd4 19. Nd5 Rxd1+ 20. Rxd1
Nxd5 21. Bxd5 g6 22. Qf3 b6 23. Kg2 Kg7 24. h4 f5 25. Be6 Rd8 26. Rxd8 Bxd8 27.
Qd3 Bf6 28. Bb3 a5 29. Qc4 Qxc4 30. Bxc4 e4 31. b3 Be5 1/2-1/2

[Event "European Youth Chess Championship G14"]
[Site "Prague, Top Hotel Prague"]
[Date "2016.08.22"]
[Round "5.13"]
[White "Schneider, Jana"]
[Black "Gresova, Zuzana"]
[Result "1-0"]
[WhiteElo "2105"]
[BlackElo "1810"]
[PlyCount "111"]
[EventDate "2016.08.18"]

1. e4 c5 2. Nf3 d6 3. Bb5+ Bd7 4. Bxd7+ Qxd7 5. c4 Nc6 6. d4 cxd4 7. Nxd4 Nf6
8. Nc3 e6 9. O-O Be7 10. Be3 O-O 11. f3 Rfd8 12. Qe2 Rac8 13. Rac1 a6 14. b3
Qc7 15. Qf2 Nd7 16. Rfd1 Bf6 17. Nd5 Qa5 18. Nxf6+ Nxf6 19. Rc2 Qh5 20. Ne2 d5
21. Bb6 Rd7 22. Rcd2 Ne7 23. Nf4 Qg5 24. Qg3 Qxg3 25. hxg3 g5 26. Ne2 Rc6 27.
Be3 h6 28. Nc3 b5 29. Bd4 Nh5 30. g4 Nf4 31. g3 Nfg6 32. exd5 exd5 33. cxb5
axb5 34. Nxb5 f5 35. gxf5 Nxf5 36. Kf2 Nxd4 37. Nxd4 Rc3 38. Nb5 Rc5 39. a4 Ne5
40. b4 Rc4 41. Rxd5 Rc2+ 42. Kf1 Nxf3 43. Rxg5+ Rg7 44. Rd8+ Kh7 45. Rxg7+ Kxg7
46. a5 Ra2 47. Nc7 h5 48. a6 h4 49. gxh4 Nxh4 50. b5 Nf5 51. b6 Ne3+ 52. Kg1
Nc4 53. b7 Ra1+ 54. Kf2 Ra2+ 55. Ke1 Rb2 56. b8=Q 1-0

[Event "European Youth Chess Championship G14"]
[Site "Prague, Top Hotel Prague"]
[Date "2016.08.22"]
[Round "5.14"]
[White "Nemcova, Karin"]
[Black "Aciu, Malina-Andreea"]
[Result "1-0"]
[WhiteElo "1798"]
[BlackElo "1935"]
[PlyCount "77"]
[EventDate "2016.08.18"]

1. e4 c5 2. Nf3 d6 3. d4 cxd4 4. Nxd4 Nf6 5. Nc3 a6 6. Be3 e6 7. Be2 Nbd7 8. g4
b5 9. g5 Ng8 10. f4 Bb7 11. a3 Ne7 12. Rf1 Nc5 13. Bf3 Rc8 14. Qd2 d5 15. exd5
Nxd5 16. Bxd5 Bxd5 17. O-O-O Be7 18. f5 Bc4 19. Rf2 Qa5 20. Nxe6 Bxe6 21. fxe6
O-O 22. exf7+ Kh8 23. Kb1 Rcd8 24. Qe2 Rxd1+ 25. Qxd1 Rd8 26. Qf3 Rf8 27. Rf1
b4 28. axb4 Qxb4 29. Nd5 Qb7 30. Nxe7 Qxe7 31. Bxc5 Qxc5 32. Qf4 Qb6 33. Qc4
Qb7 34. Qc5 Qb8 35. Qe7 Qc8 36. Re1 h6 37. g6 a5 38. Qxf8+ Qxf8 39. Re8 1-0

[Event "European Youth Chess Championship G14"]
[Site "Prague, Top Hotel Prague"]
[Date "2016.08.22"]
[Round "5.15"]
[White "Pipia, Ekaterine"]
[Black "Beshukova, Alina"]
[Result "1-0"]
[WhiteElo "1661"]
[BlackElo "1920"]
[PlyCount "143"]
[EventDate "2016.08.18"]

1. d4 Nf6 2. c4 g6 3. Nc3 Bg7 4. e4 d6 5. h3 O-O 6. Nf3 e5 7. d5 a5 8. Bg5 Na6
9. Nd2 Nc5 10. Be2 h6 11. Be3 b6 12. Qc2 Nh7 13. g4 f5 14. gxf5 gxf5 15. O-O-O
f4 16. Bxc5 bxc5 17. Rdg1 Kh8 18. Rg6 Bd7 19. Rhg1 Rg8 20. Qd1 Ng5 21. Bf1 Be8
22. R1xg5 Bxg6 23. Rxg6 Qh4 24. Nf3 Qxf2 25. Rg2 Qe3+ 26. Kb1 Rab8 27. Ka1 a4
28. a3 Rb7 29. Rd2 Rgb8 30. Ka2 Rb3 31. Bg2 Rxc3 32. bxc3 Rb3 33. Rb2 Rxb2+ 34.
Kxb2 Qxe4 35. Qxa4 Qe2+ 36. Qc2 Qxc4 37. Nh4 Qb5+ 38. Ka1 Qc4 39. Ng6+ Kg8 40.
Ne7+ Kh8 41. Qb2 Bf8 42. Ng6+ Kg7 43. Nxf8 Kxf8 44. Qb8+ Kg7 45. Qxc7+ Kg8 46.
Qd8+ Kg7 47. Qe7+ Kg8 48. Qe6+ Kg7 49. Qg4+ Kh8 50. Qc8+ Kg7 51. Qd7+ Kh8 52.
Qe8+ Kg7 53. Qe7+ Kg8 54. Qe6+ Kh7 55. Qf7+ Kh8 56. Qf8+ Kh7 57. Qf5+ Kh8 58.
Qc2 f3 59. Bxf3 Qf1+ 60. Bd1 Qxh3 61. a4 Qh1 62. c4 Qe1 63. Ka2 e4 64. Qb2+ Kg8
65. Bh5 e3 66. Qb8+ Kg7 67. Qc7+ Kf6 68. Qxd6+ Kg5 69. Qg6+ Kf4 70. Qf6+ Kg3
71. Qf3+ Kh2 72. Qe2+ 1-0

[Event "European Youth Chess Championship G14"]
[Site "Prague, Top Hotel Prague"]
[Date "2016.08.22"]
[Round "5.16"]
[White "Palma, Maria"]
[Black "Richterova, Julie"]
[Result "1-0"]
[WhiteElo "1911"]
[BlackElo "1592"]
[PlyCount "57"]
[EventDate "2016.08.18"]

1. Nf3 c5 2. c4 b6 3. g3 Bb7 4. Bg2 g6 5. O-O Bg7 6. Nc3 Nc6 7. a3 Nf6 8. d4
Na5 9. d5 Nxc4 10. e4 O-O 11. Re1 d6 12. Bf1 b5 13. Nxb5 Nb6 14. Bd2 a6 15. Nc3
Nfd7 16. Na4 Nxa4 17. Qxa4 f5 18. Ng5 Qc8 19. exf5 Ne5 20. fxg6 h6 21. Bh3 Qb8
22. Be6+ Kh8 23. Nf7+ Rxf7 24. gxf7 Nf3+ 25. Kg2 Nxe1+ 26. Rxe1 Bxb2 27. Qh4
Qf8 28. Bxh6 Bg7 29. Bg5+ 1-0

[Event "European Youth Chess Championship G14"]
[Site "Prague, Top Hotel Prague"]
[Date "2016.08.22"]
[Round "5.17"]
[White "Vetshtein, Lior"]
[Black "Rudzinska, Michalina"]
[Result "0-1"]
[WhiteElo "1489"]
[BlackElo "1896"]
[PlyCount "66"]
[EventDate "2016.08.18"]

1. e4 c5 2. Nf3 e6 3. d4 cxd4 4. Nxd4 a6 5. Nc3 b5 6. Bd3 Qb6 7. Be3 Bc5 8.
Nce2 Nc6 9. c3 Nf6 10. b4 Bxd4 11. Nxd4 Qc7 12. Rc1 Ne5 13. h3 Bb7 14. f3 Nxd3+
15. Qxd3 Qg3+ 16. Kf1 d5 17. Ne2 Qc7 18. exd5 Bxd5 19. Bf4 Qe7 20. a3 O-O 21.
g4 Rfd8 22. Kg2 Bc4 23. Qc2 Nd5 24. Be5 f6 25. Bd4 Rac8 26. Rce1 e5 27. Ng3
Nf4+ 28. Kg1 Qb7 29. Nf5 exd4 30. Ne7+ Kh8 31. Nxc8 Qxf3 32. Qf2 Qxf2+ 33. Kxf2
Nd3+ 0-1

[Event "European Youth Chess Championship G14"]
[Site "Prague, Top Hotel Prague"]
[Date "2016.08.22"]
[Round "5.18"]
[White "Bogdanic, Katarina"]
[Black "Esadze, Tamari"]
[Result "1-0"]
[WhiteElo "1883"]
[BlackElo "1763"]
[PlyCount "135"]
[EventDate "2016.08.18"]

1. c4 e5 2. g3 g6 3. Bg2 Bg7 4. Nc3 Nc6 5. d3 d6 6. Nf3 h6 7. Rb1 Be6 8. O-O
Qd7 9. b4 f5 10. Qc2 Nf6 11. Ba3 g5 12. b5 Ne7 13. c5 g4 14. Nd2 d5 15. Na4 c6
16. Qb2 O-O 17. bxc6 bxc6 18. Qb7 Qe8 19. Qa6 f4 20. Qa5 Nf5 21. Rb4 h5 22. Bb2
Nh7 23. gxf4 exf4 24. Rxf4 Bxb2 25. Nxb2 Ng5 26. Kh1 Nh4 27. Qc7 Rxf4 28. Qxf4
Qg6 29. Qg3 Nxg2 30. Qxg2 Rf8 31. Nd1 Kh7 32. Nc3 Qf6 33. Nd1 Nh3 34. f3 Nf4
35. Qf2 gxf3 36. Nxf3 Bh3 37. Rg1 Nxd3 38. Qe3 Qf5 39. Ng5+ Kh8 40. Nxh3 Nf4
41. Nxf4 Qxf4 42. Qe6 Qf6 43. Qxf6+ Rxf6 44. Kg2 Rf4 45. Nb2 h4 46. Rf1 Re4 47.
Kf3 Rb4 48. Nd3 Ra4 49. Ne5 Rxa2 50. Nxc6 Rc2 51. Nxa7 Rxc5 52. Rb1 Kg7 53. Nb5
Kf6 54. Nd4 Rc4 55. e3 Rc8 56. Rb6+ Ke7 57. Nf5+ Kf8 58. Nxh4 Rc2 59. h3 Rd2
60. Nf5 Kf7 61. h4 Rh2 62. Rd6 Rh3+ 63. Kg4 Rh1 64. h5 Rg1+ 65. Kf4 Rf1+ 66.
Ke5 d4 67. Rf6+ Ke8 68. Nd6+ 1-0

[Event "European Youth Chess Championship G14"]
[Site "Prague, Top Hotel Prague"]
[Date "2016.08.22"]
[Round "5.19"]
[White "Bulatova, Kamaliya"]
[Black "Golsta, Madara"]
[Result "1-0"]
[WhiteElo "1999"]
[BlackElo "1675"]
[PlyCount "69"]
[EventDate "2016.08.18"]

1. d4 Nf6 2. Nf3 g6 3. Bf4 Bg7 4. e3 d6 5. h3 O-O 6. Be2 b6 7. O-O Bb7 8. Bh2
Nbd7 9. a4 a6 10. Nbd2 c5 11. c3 Ne4 12. Qb3 Nxd2 13. Nxd2 d5 14. Bf3 c4 15.
Qc2 b5 16. e4 e5 17. Rad1 Rc8 18. axb5 axb5 19. exd5 exd4 20. cxd4 Bxd4 21. Bd6
Re8 22. Ne4 Be5 23. Bb4 Nf6 24. d6 Bxe4 25. Bxe4 Qd7 26. Bf3 Red8 27. Rfe1 Qe6
28. Bc3 Nd7 29. Rd5 f6 30. Qd2 Kg7 31. Bg4 Qe8 32. f4 Bxc3 33. Qxc3 Qg8 34.
Re7+ Kh6 35. Be6 1-0

[Event "European Youth Chess Championship G14"]
[Site "Prague, Top Hotel Prague"]
[Date "2016.08.22"]
[Round "5.20"]
[White "Koroleva, Evgeniya"]
[Black "Sidamonidze, Anastasia"]
[Result "1-0"]
[WhiteElo "1940"]
[BlackElo "1690"]
[PlyCount "95"]
[EventDate "2016.08.18"]

1. d4 Nf6 2. c4 g6 3. Nc3 d5 4. cxd5 Nxd5 5. e4 Nxc3 6. bxc3 Bg7 7. Qa4+ c6 8.
Nf3 O-O 9. Be3 c5 10. Rc1 cxd4 11. Nxd4 b6 12. Be2 Bb7 13. f3 Nd7 14. O-O Nc5
15. Qa3 a6 16. Nb3 Nd7 17. Rfd1 Re8 18. Qa4 b5 19. Qb4 Qc7 20. c4 a5 21. Qxb5
Bc6 22. Qg5 Bf6 23. Qg3 Be5 24. f4 Bb2 25. Rc2 Ba3 26. e5 e6 27. Qf2 a4 28. Nc5
Nxc5 29. Bxc5 Bxc5 30. Qxc5 Ra5 31. Qe3 Rc8 32. Rcd2 Be8 33. Rd4 Rc5 34. Qd2
Kg7 35. Qe3 Qc6 36. Qg3 Qb6 37. Kf1 Qb2 38. R4d2 Qb6 39. Qh4 Qa5 40. Qf6+ Kg8
41. h4 Qb4 42. Rd8 R5c7 43. R8d4 Qb2 44. h5 Qa3 45. Rd6 h6 46. hxg6 fxg6 47.
Qxe6+ Kh7 48. Rd7+ 1-0

[Event "European Youth Chess Championship G14"]
[Site "Prague, Top Hotel Prague"]
[Date "2016.08.22"]
[Round "5.21"]
[White "Jarocka, Liwia"]
[Black "Andrade, Sandoval Bianca"]
[Result "1-0"]
[WhiteElo "1676"]
[BlackElo "1899"]
[PlyCount "101"]
[EventDate "2016.08.18"]

1. e4 c5 2. Nf3 e6 3. d4 cxd4 4. Nxd4 a6 5. Bd3 b5 6. O-O Bb7 7. Qe2 d6 8. Kh1
Nd7 9. f4 Qc7 10. Bd2 Ngf6 11. Nc3 Be7 12. a4 b4 13. Na2 Qb6 14. Nf3 a5 15. e5
Nd5 16. c4 bxc3 17. Nxc3 O-O 18. Nxd5 Bxd5 19. Be3 Qb7 20. Bd4 h6 21. Nd2 dxe5
22. fxe5 Nc5 23. Bxc5 Bxc5 24. Ne4 Bd4 25. Nc3 Bxe5 26. Nxd5 Qxd5 27. Be4 Qd6
28. Rfd1 Bd4 29. Bxa8 Rxa8 30. Qe4 Rd8 31. Rd3 e5 32. Rad1 Qb6 33. b3 Rc8 34.
h3 Rb8 35. Rf1 Qe6 36. Rdf3 Rxb3 37. Qa8+ Kh7 38. Qe4+ Kg8 39. Qa8+ Kh7 40.
Rxb3 Qxb3 41. Qxa5 f6 42. Qb5 Qe3 43. a5 Bc5 44. Qb1+ Kg8 45. Qc1 Qe2 46. Qd1
Qa2 47. Qa1 Qe6 48. a6 Qc4 49. Rc1 Qd4 50. Qxd4 Bxd4 51. Rc7 1-0

[Event "European Youth Chess Championship G14"]
[Site "Prague, Top Hotel Prague"]
[Date "2016.08.22"]
[Round "5.22"]
[White "Oliveira, Maria Alice Ramos Ma"]
[Black "Koubova, Anna Marie"]
[Result "0-1"]
[WhiteElo "1667"]
[BlackElo "1868"]
[PlyCount "84"]
[EventDate "2016.08.18"]

1. e4 c5 2. Nf3 d6 3. d4 cxd4 4. Nxd4 Nf6 5. Nc3 g6 6. Be3 Bg7 7. f3 O-O 8. Qd2
Nc6 9. O-O-O Bd7 10. g4 Nxd4 11. Bxd4 Qa5 12. Kb1 b5 13. Nd5 Qd8 14. Nxf6+ exf6
15. Bc3 Bc6 16. Ba5 Qc8 17. Qxd6 b4 18. Bd3 Ba4 19. Bc7 a5 20. Qg3 Qb7 21. Bf4
Rfc8 22. h4 Bb5 23. Qf2 a4 24. Bxb5 Qxb5 25. Rd5 Qb7 26. Rhd1 b3 27. c3 bxa2+
28. Ka1 a3 29. b4 Rxc3 30. Rd8+ Bf8 31. Rxa8 Qxa8 32. Qd4 Qc6 33. Qd8 Rc2 34.
Qd3 h6 35. Bd2 Bg7 36. f4 Kh7 37. f5 g5 38. h5 Bf8 39. Qxa3 Qd6 40. Qe3 Qe5+
41. Bc3 Rxc3 42. Qd4 Rc2 0-1

[Event "European Youth Chess Championship G14"]
[Site "Prague, Top Hotel Prague"]
[Date "2016.08.22"]
[Round "5.23"]
[White "Catal, Uktenur"]
[Black "Hercog, Nusa"]
[Result "1/2-1/2"]
[WhiteElo "1666"]
[BlackElo "1865"]
[PlyCount "101"]
[EventDate "2016.08.18"]

1. d4 d5 2. Bf4 Nf6 3. e3 e6 4. Nf3 c5 5. c3 Nc6 6. Nbd2 Bd6 7. Bg3 O-O 8. Bd3
b6 9. Ne5 Bb7 10. Ndf3 Qe7 11. Nxc6 Bxc6 12. Bxd6 Qxd6 13. Ne5 Bb7 14. O-O Nd7
15. f4 f6 16. Qh5 f5 17. Nxd7 Qxd7 18. Rf3 Rf6 19. Rh3 Rh6 20. Qf3 Rxh3 21.
Qxh3 Qd6 22. Rf1 c4 23. Bb1 b5 24. Qg3 b4 25. Qe1 a5 26. Qd2 Ba6 27. Rc1 Rb8
28. Qd1 Bb5 29. Qd2 Bd7 30. cxb4 axb4 31. Kf2 Qa6 32. Kg1 Qa5 33. Qd1 c3 34. b3
Bb5 35. Kf2 Rc8 36. Kg1 Ra8 37. Kf2 Qc7 38. Kg1 Qc8 39. Kf2 Qa6 40. Kg1 Be2 41.
Qc2 Qa3 42. Re1 Bb5 43. Kf2 Qa6 44. Rc1 Kf7 45. Kg1 Qa3 46. Re1 h6 47. Kf2 Qa7
48. Rd1 Qc7 49. g4 g6 50. h4 Qe7 51. Rh1 1/2-1/2

[Event "European Youth Chess Championship G14"]
[Site "Prague, Top Hotel Prague"]
[Date "2016.08.22"]
[Round "5.24"]
[White "Pribylova, Sofie"]
[Black "Grimaldi, Angela Flavia"]
[Result "1-0"]
[WhiteElo "1864"]
[BlackElo "1662"]
[PlyCount "119"]
[EventDate "2016.08.18"]

1. d4 d5 2. c4 e6 3. Bf4 Nf6 4. Nc3 Be7 5. e3 O-O 6. h3 a6 7. c5 Nc6 8. a3 Nd7
9. Nf3 b6 10. b4 Bb7 11. Be2 Bf6 12. Rc1 Ne7 13. O-O Ng6 14. Na4 Nxf4 15. exf4
bxc5 16. Nxc5 Nxc5 17. bxc5 a5 18. Qa4 Ba6 19. Bxa6 Rxa6 20. Qb5 Ra8 21. Rb1
Qe8 22. Qxe8 Rfxe8 23. Rb7 Rec8 24. a4 Kf8 25. g4 g6 26. Ne5 Bxe5 27. fxe5 Ke7
28. f4 Kd7 29. f5 gxf5 30. gxf5 Kc6 31. Rb5 Rg8+ 32. Kh2 Kd7 33. fxe6+ fxe6 34.
Rf7+ Kc6 35. Rxh7 Raf8 36. Rb2 Rf4 37. Rd2 Rf3 38. h4 Ra3 39. h5 Rxa4 40. h6
Rb4 41. Re7 Rg6 42. h7 Rh6+ 43. Kg3 Rb3+ 44. Kf4 Rbh3 45. h8=Q Rxh8 46. Rxe6+
Kd7 47. Rg6 a4 48. Kg5 a3 49. Ra2 Rg3+ 50. Kf6 Rxg6+ 51. Kxg6 Ra8 52. Kf6 Ra6+
53. Kf7 Ra8 54. e6+ Kc6 55. e7 Kd7 56. Rxa3 Rh8 57. c6+ Kxc6 58. e8=Q+ Rxe8 59.
Kxe8 Kb5 60. Rc3 1-0

[Event "European Youth Chess Championship G14"]
[Site "Prague, Top Hotel Prague"]
[Date "2016.08.22"]
[Round "5.25"]
[White "Laurincova, Kristyna"]
[Black "Pecorini, Angie"]
[Result "1/2-1/2"]
[WhiteElo "1815"]
[BlackElo "1625"]
[PlyCount "85"]
[EventDate "2016.08.18"]

1. e4 c5 2. Nf3 Nc6 3. d4 cxd4 4. Nxd4 Nf6 5. Nc3 d6 6. Bc4 Qb6 7. Nxc6 bxc6 8.
Bb3 g6 9. O-O Bg7 10. Be3 Qc7 11. h3 O-O 12. f4 Bb7 13. f5 c5 14. Qd3 Nd7 15.
fxg6 hxg6 16. Bf4 Nb6 17. Bc4 Nxc4 18. Qxc4 Bd4+ 19. Kh1 a5 20. Nb5 Ba6 21.
Nxc7 Bxc4 22. Nxa8 Bxf1 23. Rxf1 Rxa8 24. c3 Bg7 25. Re1 Rb8 26. Re2 Rb6 27.
Bc1 a4 28. Kg1 Kf8 29. Kf2 Ke8 30. Ke1 Kd7 31. Kd2 c4 32. Kc2 Rb8 33. Be3 f5
34. exf5 gxf5 35. g4 fxg4 36. hxg4 d5 37. Rh2 Rh8 38. Rxh8 Bxh8 39. b3 axb3+
40. axb3 Kc6 41. Bh6 cxb3+ 42. Kxb3 Kd6 43. c4 1/2-1/2